Cities with the same name - Statistics

General Stats
  • This quiz has been taken 12 times
  • The average score is 6 of 7
Answer Stats
States City % Correct
GA, ME Augusta
100%
ME, OR Portland
100%
TX, VA Arlington
91%
MS, WY, TN, MI Jackson
82%
NY, MN Rochester
82%
MA,OR Salem
82%
OH,TN,MS,TX Cleveland
73%
No matching quizzes found
Score Distribution
Percent of People with Each Score
Percentile by Number Answered
Your Score History
You have not taken this quiz